| 000 | 01026cam a2200205 4500 | ||
|---|---|---|---|
| 001 | WB3722-19 | ||
| 008 | 000000n2001 000 0 eng u | ||
| 035 | _a(Sirsi) u113001 | ||
| 245 | _aProperty companies to measure up | ||
| 260 | _c2001 | ||
| 490 |
_aGreen Futures _v(28) May/June 2001, 10(1) |
||
| 520 | _aTo help managers of large portfolios of commercial property get an environmental profile of their stock more simply, the BRE has published "Environmental benchmarking for property portfolio managers". It is intended for existing buildings such as shops, offices and banks, and shows how to calculate an overall environmental score, based on benchmarks on transport, water, energy, pollution, waste, longevity of buildings and management issues. Contact BRE on 01923 664000; http://www.bre.co.uk | ||
| 590 | _aWB | ||
| 650 | _aENVIRONMENTAL BENCHMARKING | ||
| 650 | _aBRE | ||
| 650 | _aPROPERTY PORTFOLIOS | ||
| 650 | _aENERGY EFFICIENCY | ||
| 690 | _aPROPERTY MANAGEMENT-COMMERCIAL PROPERTY | ||
| 942 | _n0 | ||
| 999 |
_c67262 _d67262 |
||